Un día en la vida de el mundo / (Record no. 110167)

MARC details
000 -LEADER
campo de control de longitud fija 00449nam a2200169 4500
001 - NÚMERO DE CONTROL
campo de control 21083
005 - FECHA Y HORA DE LA ÚLTIMA TRANSACCIÓN
campo de control 20230411085951.0
008 - DATOS DE LONGITUD FIJA--INFORMACIÓN GENERAL
campo de control de longitud fija 060907n2004 dr spa
020 ## - NÚMERO INTERNACIONAL ESTÁNDAR DEL LIBRO
Número Internacional Estándar del Libro 8497341724
035 ## - NÚMERO DE CONTROL DEL SISTEMA
-- funglode21239
041 ## - CÓDIGO DE IDIOMA
Código de lengua del texto/banda sonora o título independiente ES
100 ## - ENTRADA PRINCIPAL--NOMBRE DE PERSONA
Nombre de persona Olmos, Víctor
245 1# - MENCIÓN DEL TÍTULO
Título Un día en la vida de el mundo /
Mención de responsabilidad, etc. Víctor Olmos
260 ## - PUBLICACIÓN, DISTRIBUCIÓN, ETC.
Lugar de publicación, distribución, etc. Madrid :
Nombre del editor, distribuidor, etc. Editorial La Esfera de los Libros,
Fecha de publicación, distribución, etc. 2004
300 ## - DESCRIPCIÓN FÍSICA
Extensión 351 p.
942 ## - ELEMENTOS DE ENTRADA SECUNDARIOS (KOHA)
Fuente del sistema de clasificación o colocación Clasificación de Library of Congress
Tipo de ítem Koha
Holdings
Estatus retirado Estado de pérdida Fuente del sistema de clasificación o colocación Estado de daño No para préstamo Colección Biblioteca de origen Biblioteca actual Ubicación en estantería Fecha de adquisición Código de barras Visto por última vez Copia número Tipo de ítem Koha
    Clasificación de Library of Congress     Automatización y Procesos Técnicos Biblioteca Juan Bosch Biblioteca Juan Bosch Automatización y Procesos Técnicos (1er. Piso) 17/02/2019 00000020299 17/02/2019 1